000 00791nam a2200217 a 4500
999 _c6629
_d6629
001 6629
003 BD-JhCC
005 20180128104600.0
008 180127s bg |||| |||| 000 0 ben d
035 _a(BD-JhCC) 6629
040 _aBD-JhCC
_dBD-JhCC
041 _aben
082 _bHOL 1972
_a220.5203
245 _aপবিত্র বাইবেল :
_cপুরাতন ও নতুন নিয়ম /
_bবাংলাদেশ বাইবেল সোসাইটি,
260 _aঢাকা :
_bবাংলাদেশ বাইবেল সোসাইটি,
_c1972
300 _a১৩৭৩ পৃ :
_c২১ সেমি.
650 _aThe Bible
710 _aবাংলাদেশ বাইবেল সোসাইটি,
942 _2ddc
_cBK